000 00997cad a22002295a 4500
001 E149449
008 100308s2008 xxko f 000 0 eng d
020 _a9781848060463
035 _a(Sirsi) u149450
041 0 _aeng
100 1 _aRoss, Keith
245 0 0 _aLearning the lessons from systemic building failures
_h[electronic resource]
260 _aAmersham
_bNHBC Foundation
_c2008
490 0 _aNF
_v10
520 _aDiscusses past problems with various types of residential construction and looks at the remedies. Also examines problems with innovative types of construction around the world, and considers the reasons for these.
521 2 _aAdvanced
651 4 _aUnited Kingdom
_y
690 _aResidential property
_96266
690 _aBUILT ENVIRONMENT-BUILDING PATHOLOGY
856 4 0 _uhttps://www.nhbcfoundation.org/LinkClick.aspx?fileticket=%2byHbjZ7R3QU%3d&tabid=339&mid=774&language=en-GB
_zView the report free of charge (PDF file) at www.nhbcfoundation.org
942 _n0
999 _c110504
_d110504